000 01007nam a2200313 i 4500
001 9667
003 Mx-PuUPA
005 20251215122757.0
008 140415s1962 sp gr 001 j spa d
017 _aB. 15.174-1980
020 _a8426444822
040 _aMx-PuUPA
_bspa
_cMx-PuUPA
_dMx-PuUPA
_erda
041 _aspa
_heng
100 1 _aBradbury, Ray,
_d1920-2012
_93076
_eautor
240 1 0 _aR is for Rocket.
_lEspañol
245 1 0 _aCuentos del futuro /
_cRay Bradbury ; traducción de Beatriz Podestá
264 1 _aBarcelona, España :
_bEditorial Lumen,
_c©1962
300 _a168 páginas ;
_c19 cm
336 _2rdacontent
_atexto
_btxt
337 _2rdamedia
_asin medio
_bn
338 _2rdacarrier
_avolumen
_bnc
490 0 _aEdiciones de Bolsillo ;
_v482
650 7 _aCuentos americanos
_2armarc
700 1 _aPodestá, Beatriz
_etraductor
765 0 _aBradbury, Ray
_tR is for Rocket
942 _2ddc
_cLI
_h810
_iB7818
999 _c9667
_d9667